Informes y documentos relativos a comercio interior y exterior, agricultura e industrias [de los Estados Unidos Mexicanos]. (Record no. 180281)

MARC details
000 -LEADER
campo de control de longitud fija 01114nas a2200301 i 4500
001 - NÚMERO DE CONTROL
campo de control 180281
003 - IDENTIFICADOR DE NÚMERO DE CONTROL
campo de control ES-MaACL
005 - FECHA Y HORA DE LA ÚLTIMA TRANSACCIÓN
campo de control 20250217134904.0
008 - DATOS DE LONGITUD FIJA--INFORMACIÓN GENERAL
campo de control de longitud fija 120523d18851902mx mr m | |spa d
080 ## - NÚMERO DE LA CLASIFICACIÓN DECIMAL UNIVERSAL
Número de la Clasificación Decimal Universal 339.3:339.5(72)
080 ## - NÚMERO DE LA CLASIFICACIÓN DECIMAL UNIVERSAL
Número de la Clasificación Decimal Universal 351.824.1(72)
080 ## - NÚMERO DE LA CLASIFICACIÓN DECIMAL UNIVERSAL
Número de la Clasificación Decimal Universal 631(72)
245 00 - MENCIÓN DEL TÍTULO
Título Informes y documentos relativos a comercio interior y exterior, agricultura e industrias [de los Estados Unidos Mexicanos].
260 ## - PUBLICACIÓN, DISTRIBUCIÓN, ETC.
Lugar de publicación, distribución, etc. México :
Nombre del editor, distribuidor, etc. Secretaría de Fomento,
Fecha de publicación, distribución, etc. 1885-[1902?]
300 ## - DESCRIPCIÓN FÍSICA
Extensión v. ;
Dimensiones 22 cm.
310 ## - PERIODICIDAD ACTUAL
Periodicidad actual Mensual
362 0# - FECHAS DE PUBLICACIÓN Y/O DESIGNACIÓN SECUENCIAL
Fecha de publicación y/o designación secuencial N. 1 (jul. 1885)-Cesó en 1892?
594 ## - Nota al título y mención de responsabilidad
Nota al título y mención de responsabilidad Precede al tít.: Estados Unidos Mexicanos, Secretaría de Fomento.
650 #4 - PUNTO DE ACCESO ADICIONAL DE MATERIA--TÉRMINO DE MATERIA
Término de materia o nombre geográfico como elemento de entrada Agricultura-
Subdivisión geográfica México.
9 (RLIN) 150093
650 #4 - PUNTO DE ACCESO ADICIONAL DE MATERIA--TÉRMINO DE MATERIA
Término de materia o nombre geográfico como elemento de entrada Industria-
Subdivisión geográfica México.
9 (RLIN) 150094
651 #4 - PUNTO DE ACCESO ADICIONAL DE MATERIA--NOMBRE GEOGRÁFICO
Nombre geográfico México-
Subdivisión general Situación económica.
9 (RLIN) 150095
651 #4 - PUNTO DE ACCESO ADICIONAL DE MATERIA--NOMBRE GEOGRÁFICO
Nombre geográfico México-
Subdivisión general Comercio exterior.
9 (RLIN) 150096
710 1# - ENTRADA AGREGADA--NOMBRE DE ENTIDAD CORPORATIVA
Nombre de entidad corporativa o nombre de jurisdicción como elemento de entrada México.
Unidad subordinada Secretaría de Fomento.
9 (RLIN) 172089
852 ## - LOCALIZACIÓN
Ubicación ES-MaACL
Número de control de estantería T-434-F-1-4
Nota libre (N. 1-4, jul.-oct. 1885)
852 ## - LOCALIZACIÓN
Ubicación ES-MaACL
Número de control de estantería G-2913-14
Nota libre (N. 26-29, ag.-nov. 1887)
866 #0 - MENCIÓN TEXTUAL DE FONDOS--UNIDAD BIBLIOGRÁFICA BÁSICA
Fondos (1885) (1887).
Holdings
Estatus retirado Estado de pérdida Estado de daño No para préstamo Colección Biblioteca de origen Biblioteca actual Ubicación en estantería Fecha de adquisición Fuente de adquisición Total de préstamos Signatura topográfica completa Código de barras Visto por última vez Precio de reemplazo Tipo de ítem Koha
        Periódicos y Revistas Biblioteca del Ateneo de Madrid Biblioteca del Ateneo de Madrid Depósito 2 23/05/2012     G-2913-14 1189433 23/02/2023 23/02/2023 Revista
        Colección de folletos Biblioteca del Ateneo de Madrid Biblioteca del Ateneo de Madrid Depósito folletos 23/05/2012     T-434-F-1-4 1189432 23/02/2023 23/02/2023 Folleto